Madden 2024 Quarterbacks - Statistics

General Stats
  • This quiz has been taken 627 times
  • The average score is 28 of 32
Answer Stats
Team Rating Answer % Correct
Bills 93 Josh Allen
97%
Ravens 90 Lamar Jackson
96%
Chiefs 99 Patrick Mahomes
96%
Bengals 94 Joe Burrow
94%
Bears 75 Justin Fields
94%
Cardinals 79 Kyler Murray
94%
Panthers 74 Bryce Young
93%
Cowboys 87 Dak Prescott
93%
Eagles 88 Jalen Hurts
93%
Broncos 78 Russell Wilson
93%
Texans 73 C.J. Stroud
92%
Lions 81 Jared Goff
92%
Packers 75 Jordan Love
92%
Jets 86 Aaron Rodgers
91%
49ers 76 Brock Purdy
91%
Chargers 88 Justin Herbert
91%
Vikings 84 Kirk Cousins
91%
Dolphins 85 Tua Tagovailoa
91%
Giants 72 Daniel Jones
90%
Browns 76 Deshaun Watson
90%
Patroits 74 Mac Jones
90%
Seahawks 80 Geno Smith
89%
Jaguars 83 Trevor Lawrence
89%
Buccaneers 73 Baker Mayfield
88%
Saints 78 Derek Carr
88%
Rams 77 Matthew Stafford
88%
Colts 70 Anthony Richardson
86%
Steelers 72 Kenny Pickett
86%
Falcons 69 Desmond Ridder
85%
Raiders 77 Jimmy Garoppolo
76%
Commanders 71 Sam Howell
73%
Titans 73 Ryan Tennehill
1%
No matching quizzes found
Score Distribution
Percent of People with Each Score
Percentile by Number Answered
Your Score History
You have not taken this quiz